Statistics for Simpson characters that's name begins with A

Click here to take the quiz!

General Stats

  • This quiz has been taken 8 times
  • The average score is 2 of 7

Answer Stats

Answer% Correct
Apu
88%
Abe Simpson
75%
Agnes Skinner
13%
Allison Taylor
13%
Arnie Pie
13%
Artie Ziff
13%
Akira
0%

Score Distribution

Percentile by Number Answered

Percent of People with Each Score

Your Score History

You have not taken this quiz